000 00423nam a2200157Ia 4500
008 210716s2001 xx 000 0 und d
020 _a8178083582
041 _aeng
082 _a005.43 VICC
100 _aVickery, Christopher.
245 _aUnix shell programmers: interactive workbook.
_bInteractive workbook.
250 _a1
260 _aNew Delhi
_bPearson Education
_c2001
300 _axvii,596
650 _aUnix
999 _c185776
_d185776